| 000 | 00000nas 2200000zi 4500 |
| 001 | 9.911318 |
| 003 | CaOODSP |
| 005 | 20230907083931 |
| 006 | m o d f |
| 007 | cr cn||||||||| |
| 008 | 220517c20229999oncqr p o f0###b0fre|d |
| 022 | |a2816-640X |
| 040 | |aCaOODSP|bfre|erda|cCaOODSP |
| 043 | |an-cn--- |
| 086 | 1 |aH167-5F-PDF |
| 110 | 1 |aCanada.|bDirection des médicaments pharmaceutiques, |eauteur, |eorganisme de publication. |
| 222 | 0|aRapport trimestriel du rendement des présentations de drogue |b(Canada. Direction des médicaments pharmaceutiques) |
| 245 | 10|aRapport trimestriel du rendement des présentations de drogue. |
| 246 | 13|aDMP, rapport trimestriel du rendement des présentations de drogue |
| 264 | 1|aOttawa (Ontario) : |bSanté Canada = Health Canada, |c2022- |
| 310 | |aTrimestriel |
| 336 | |atexte|btxt|2rdacontent/fre |
| 337 | |ainformatique|bc|2rdamedia/fre |
| 338 | |aressource en ligne|bcr|2rdacarrier/fre |
| 362 | 1 |aParaît depuis : janvier - mars 2022. |
| 500 | |aPublié aussi en anglais sous le titre : Drug submission performance quarterly report. |
| 588 | |aDescription d'après : janvier - mars 2022. |
| 588 | |aDernière livraison consultée : janvier - mars 2022. |
| 610 | 16|aCanada. |bDirection des médicaments pharmaceutiques|vPériodiques. |
| 650 | 6|aMédicaments|xPolitique gouvernementale|zCanada|vPériodiques. |
| 650 | 6|aMédicaments|xDroit|zCanada|vPériodiques. |
| 655 | 7|aPériodiques|2rvmgf |
| 710 | 1 |aCanada. |bSanté Canada, |eorganisme de publication. |
| 775 | 08|tDrug submission performance quarterly report.|w(CaOODSP)9.911317 |
| 780 | 00|tRapport trimestriel du rendement des présentations de drogue |w(CaOODSP)9.851917 |